Littérature : Les Rougon-Macquart - Statistiques

Statistiques générales
  • Ce quiz a été pris 226 fois
  • Le résultat moyen est 11 sur 20
Statistiques - réponses
Ordre Indice Titre % Correct
16 L'action de déroule dans le milieu de la mine Germinal
93%
17 Le roman traite de la prostitution féminine et des hommes qui font la noce avec celles-ci. Nana
89%
8 Le roman se déroule dans le milieu, alors tout récent, des grands magasins Au bonheur des Dames
80%
13 L'action de déroule dans le milieu ouvrier parisien. Le principal lieu de débauche porte le nom donné au roman. L'Assommoir
80%
15 L'action se déroule sur la ligne Paris-Le Havre La bête humaine
71%
1 On découvre la ville de Plassans et l'ascension de Pierre et Félicité Rougon au début du Second empire. La fortune des Rougon
69%
11 L'action se déroule essentiellement dans les halles de Paris décrites comme une sorte de monstre Le ventre de Paris
69%
3 Aristide Rougon, qui fait rapidement fortune mène une vie de débauché. La Curée
64%
14 Le personnage principal est un artiste peintre L'Oeuvre
58%
9 Un prêtre est déchiré entre sa foi et l'amour d'une femme La faute de l'abbé Mouret
54%
20 Un médecin entreprend le récit de sa vie Le docteur Pascal
51%
4 Le sujet principal est la spéculation financière. L'Argent
50%
6 L'action se déroule dans la ville d'origine des Rougon. Un prêtre doit faire basculer la ville devenue légitimiste dans le camp bonapartiste La conquête de Plassans
47%
18 Le roman évoque le milieu paysan, en particulier celui des petits propriétaires prêts à tout pour augmenter leurs possessions. La Terre
47%
2 L'action se déroule entre 1856 et 1861 dans le milieu de la politique. Son Excellence Eugène Rougon
45%
7 Le personnage principal s'installe dans un immeuble parisien et découvre ses voisins. Pot-Bouille
43%
19 Le Second Empire s'effondre après la défaite des armées face à la Prusse La Débâcle
40%
5 Le roman raconte la vie d'une enfant illégitime abandonnée et de ses proches Le Rêve
36%
10 Une jeune veuve s'éprend d'un médecin qui l'a aidé à soigner sa fille. Une page d'amour
34%
12 Une femme heureuse de vivre et un homme qui a peur de la mort sont au centre de l'intrigue. La joie de vivre
29%
Aucun quiz correspondant
Distribution des résultats
% des personnes avec chaque résultat
Percentile par nombre de réponses
Votre historique - résultats
Vous n’avez pas pris ce quiz